Teacher motivation in Sub-Saharan Africa and South Asia (Record no. 80937)
[ view plain ]
| 000 -LEADER | |
|---|---|
| fixed length control field | 01100nam a2200229 a 4500 |
| 008 - FIXED-LENGTH DATA ELEMENTS--GENERAL INFORMATION | |
| fixed length control field | 090105s2007 ||||||||||||||||| || u |
| 020 ## - INTERNATIONAL STANDARD BOOK NUMBER | |
| International Standard Book Number | 1861928734 |
| 050 ## - LIBRARY OF CONGRESS CALL NUMBER | |
| Classification number | LB 1065 Ben |
| 100 ## - MAIN ENTRY--PERSONAL NAME | |
| Personal name | Akyeampong, Kwame |
| 245 10 - TITLE STATEMENT | |
| Title | Teacher motivation in Sub-Saharan Africa and South Asia |
| Statement of responsibility, etc. | by Paul Bennell and Kwame Akyeampong |
| 260 ## - PUBLICATION, DISTRIBUTION, ETC. | |
| Place of publication, distribution, etc. | Brighton: |
| Name of publisher, distributor, etc. | Department for International Development(DFID) |
| Date of publication, distribution, etc. | 2007 |
| 300 ## - PHYSICAL DESCRIPTION | |
| Extent | x, 92p.: ill. |
| 350 ## - | |
| -- | 0.00 |
| 490 ## - | |
| -- | DFID Researching the issues |
| 650 #0 - SUBJECT ADDED ENTRY--TOPICAL TERM | |
| Topical term or geographic name entry element | EDUCATIONAL TESTS AND MEASUREMENTS |
| 650 ## - SUBJECT ADDED ENTRY--TOPICAL TERM | |
| Topical term or geographic name entry element | MOTIVATION IN EDUCATION--TEACHERS--SOUTH ASIA |
| 650 ## - SUBJECT ADDED ENTRY--TOPICAL TERM | |
| Topical term or geographic name entry element | MOTIVATION IN EDUCATION--TEACHERS--AFRICA, SUB-SAHARAN |
| 700 ## - ADDED ENTRY--PERSONAL NAME | |
| Personal name | Bennell, Paul |
| 710 ## - ADDED ENTRY--CORPORATE NAME | |
| Corporate name or jurisdiction name as entry element | Department for International Development (DFID) |
| 995 ## - | |
| -- | MAIN LIBRARY OPEN ACCESS |
| -- | 0.00 |
| -- | 740726 |
| -- | CBU-MAIN LIBRARY (Kitwe) |
| -- | 1 |
| -- | 0.00 |
| -- | LB 1065 BEN |
| -- | 2 |
| -- | AVAILABLE |
| -- | 740726 |
| -- | Main Library Open Access Collection |
| 995 ## - | |
| -- | SPECIAL COLLECTIONS |
| -- | 0.00 |
| -- | 1861928734 |
| -- | CBU-MAIN LIBRARY (Kitwe) |
| -- | 1 |
| -- | 0.00 |
| -- | DFID(08)RI/2007/71 |
| -- | 1 |
| -- | AVAILABLE |
| -- | May 22, 2009 |
| -- | 1861928734 |
| -- | International Publications |
| 999 ## - | |
| -- | 80937 |
| -- | 80937 |
| Withdrawn status | Lost status | Source of classification or shelving scheme | Damaged status | Not for loan | Permanent Location | Current Location | Shelving location | Date acquired | Total Checkouts | Full call number | Barcode | Date last seen | Copy number | Price effective from | Koha item type |
|---|---|---|---|---|---|---|---|---|---|---|---|---|---|---|---|
| CBU-MAIN LIBRARY, KITWE. | CBU-MAIN LIBRARY, KITWE. | 07/11/2023 | LB 1065 Ben | 740726 | 07/11/2023 | 1 | 07/11/2023 | MONOGRAPH | |||||||
| CBU-MAIN LIBRARY, KITWE. | CBU-MAIN LIBRARY, KITWE. | 07/11/2023 | LB 1065 Ben | 1861928734 | 07/11/2023 | 2 | 07/11/2023 | SPECIAL COLLECTION |